| 000 | 00437nam a22001577a 4500 | ||
|---|---|---|---|
| 003 | 0 | ||
| 005 | 20230621092723.0 | ||
| 008 | 230621b xxu||||| |||| 00| 0 eng d | ||
| 020 | _a978-971-009-659-6 | ||
| 082 |
_aER _b.Go573 2017 |
||
| 245 |
_aBee helpful _cGo, Joyce Piap |
||
| 260 |
_aMandaluyong City _bOMF Literature, Inc. _cc2017 |
||
| 300 |
_a24pp. _bcol. ill. _c16cm. |
||
| 500 | _aChildren-Conduct of life. | ||
| 942 |
_2ddc _cER |
||
| 999 |
_c365079 _d365079 |
||